000
00267nam a22001217a 4500
003
SGT
082
_a
823
_b
MAC
100
_a
MACARTHUR BRIAN
245
_a
THE PENGUIN BOOK OF MODERN SPEECHES
260
_a
UK
_b
PENGUIN PUB
_c
2017
300
_a
628
942
_2
ddc
_c
BK
999
_c
33720
_d
33720